Thị trường chứng khoán Phương thức hoạt động và kinh doanh

Sách cung cấp những kiến thức cơ bản về thị trường chứng khoán như: Lịch sử hình thành thị trường chứng; Vai trò, chức năng của TTCK, Những khía cạnh tiêu cực của TTCK và vai trò của chính phủ; Những yếu tố ảnh hưởng đến TTCK; Quá trình...

全面介紹

Đã lưu trong:
書目詳細資料
主要作者: Nguyễn Trần Quế [ et al.]
格式: 圖書
語言:Undetermined
出版: Hà Nội Thống kê 1996
主題:
標簽: 添加標簽
沒有標簽, 成為第一個標記此記錄!
Thư viện lưu trữ: Trung tâm Học liệu Trường Đại học Cần Thơ
LEADER 01476nam a2200193Ia 4500
001 CTU_19502
008 210402s9999 xx 000 0 und d
082 |a 332.642 
082 |b Qu250 
100 |a Nguyễn Trần Quế [ et al.] 
245 0 |a Thị trường chứng khoán 
245 0 |b Phương thức hoạt động và kinh doanh 
245 0 |c Nguyễn Trần Quế [ et al.] 
260 |a Hà Nội 
260 |b Thống kê 
260 |c 1996 
520 |a Sách cung cấp những kiến thức cơ bản về thị trường chứng khoán như: Lịch sử hình thành thị trường chứng; Vai trò, chức năng của TTCK, Những khía cạnh tiêu cực của TTCK và vai trò của chính phủ; Những yếu tố ảnh hưởng đến TTCK; Quá trình quốc tế hóa TTCK; Nguyên tắc căn bản về hoạt động và cơ cấu thành phần của TTCK; Các loại TTCK và phương thức hoạt động. Sách cũng giới thiệu các TTCK chủ yếu trên thế giới Mỹ, Tây Âu, Đông Âu, Trung Quốc, Tokyo, Hàn Quốc, Thái Lan. Tiếp theo, là vấn đề xây dựng TTCK ở nước ta. Và sau cùng, sách bà về vần đề kinh doanh trên TTCK 
650 |a bank marketing,stock exchanges 
980 |a Trung tâm Học liệu Trường Đại học Cần Thơ